Statistical trends in transport 1965-1992
Gespeichert in:
| Format: | Buch |
|---|---|
| Sprache: | Englisch Französisch |
| Veröffentlicht: |
Paris
ECMT
1997
|
| Schlagworte: | |
| Tags: |
Keine Tags, Fügen Sie das erste Tag hinzu!
|
MARC
| LEADER | 00000nam a2200000 4500 | ||
|---|---|---|---|
| 001 | c120057 | ||
| 005 | 20251216125723.8 | ||
| 020 | |a 92-821-0219-X | ||
| 041 | 0 | |a eng | |
| 041 | 0 | |a fre | |
| 044 | |a FR | ||
| 245 | 1 | 0 | |a Statistical trends in transport 1965-1992 |
| 264 | 1 | |a Paris |b ECMT |c 1997 | |
| 300 | |a 255 s. | ||
| 610 | 2 | 0 | |a doprava |
| 610 | 2 | 0 | |a politika dopravná |
| 610 | 2 | 0 | |a hospodárstvo dopravné |